Criminal justice in the United States, 1789 - 1939
"This book chronicles the development of criminal law in America, from the beginning of the constitutional era (1789) through the rise of the New Deal order (1939). Elizabeth Dale discusses the changes in criminal law during that period, tracing shifts in policing, law, the courts, and punishme...
| Autor principal: | |
|---|---|
| Tipo de documento: | Print Libro |
| Lenguaje: | Inglés |
| Publicado: |
Cambridge [u.a.]
Cambridge Univ. Press
2011
|
| En: | Año: 2011 |
| Edición: | 1. publ. |
| Acceso en línea: |
Descripción detallada Autorenbiografie Book review (H-Net) Book review (H-Net) Índice Índice Kurzbeschreibung Reseña Reseña Volltext (Table of Contents) |
| Disponibilidad en Tübingen: | Disponible en Tübingen. UB: KB 9 E 2026 |
| Verificar disponibilidad: | HBZ Gateway |
| Servicio de pedido Subito: | Pedir ahora. |
| Palabras clave: |
MARC
| LEADER | 00000cam a2200000 c 4500 | ||
|---|---|---|---|
| 001 | 161375759X | ||
| 003 | DE-627 | ||
| 005 | 20260206195427.0 | ||
| 007 | tu | ||
| 008 | 111109s2011 xxk||||| 00| ||eng c | ||
| 016 | 7 | |a 015816816 |2 UK | |
| 020 | |a 9781107008847 |c (hbk.) £50.00 |9 978-1-107-00884-7 | ||
| 020 | |a 9781107401365 |c (pbk.) £15.99 |9 978-1-107-40136-5 | ||
| 020 | |a 1107401364 |c (pbk.) £15.99 |9 1-107-40136-4 | ||
| 035 | |a (DE-627)161375759X | ||
| 035 | |a (DE-603)270208070 | ||
| 035 | |a (DE-576)352900644 | ||
| 035 | |a (DE-599)BSZ352900644 | ||
| 035 | |a (OCoLC)767911216 | ||
| 035 | |a (OCoLC)767911216 | ||
| 040 | |a DE-627 |b ger |c DE-627 |e rakwb | ||
| 041 | |a eng | ||
| 044 | |c XA-GB |c XD-US |c XE-AU | ||
| 050 | 0 | |a HV9950 | |
| 082 | 0 | |a 364.973 | |
| 082 | 0 | |a 364.97309/034 |q LOC |2 22 | |
| 082 | 0 | |a 345.73009 |2 DDC22eng | |
| 082 | 0 | 4 | |a HIS036000 |q bisacsh |
| 084 | |a 7,26 |a 2 |2 ssgn | ||
| 084 | |a PH 6400 |q BVB |2 rvk |0 (DE-625)rvk/136436:401 | ||
| 084 | |a 15.87 |2 bkl | ||
| 100 | 1 | |a Dale, Elizabeth |0 (DE-588)1027432239 |0 (DE-627)72914061X |0 (DE-576)184531535 |4 aut | |
| 109 | |a Dale, Elizabeth | ||
| 245 | 1 | 0 | |a Criminal justice in the United States, 1789 - 1939 |c Elizabeth Dale |
| 250 | |a 1. publ. | ||
| 263 | |a Erscheint: 01. September 2011 | ||
| 264 | 1 | |a Cambridge [u.a.] |b Cambridge Univ. Press |c 2011 | |
| 300 | |a 184 S. |c 22 cm | ||
| 336 | |a Text |b txt |2 rdacontent | ||
| 337 | |a ohne Hilfsmittel zu benutzen |b n |2 rdamedia | ||
| 338 | |a Band |b nc |2 rdacarrier | ||
| 490 | 0 | |a New histories of American law | |
| 500 | |a Includes bibliographical references and index | ||
| 505 | 8 | |a Machine generated contents note: 1. Criminal justice and the nation, 1789-1860; 2. Law and justice in the states, 1789-1839; 3. Law vs. justice in the states, 1840-1865; 4. States and nation, 1860-1900; 5. Criminal justice, 1900-1935; 6. Rights and the turn to law, 1937-1939. | |
| 520 | |a "This book chronicles the development of criminal law in America, from the beginning of the constitutional era (1789) through the rise of the New Deal order (1939). Elizabeth Dale discusses the changes in criminal law during that period, tracing shifts in policing, law, the courts, and punishment. She also analyzes the role that popular justice - lynch mobs, vigilance committees, law-and-order societies, and community shunning - played in the development of America's criminal justice system. This book explores the relation between changes in America's criminal justice system and its constitutional order"-- | ||
| 520 | |a "This book chronicles the development of criminal law in America, from the beginning of the constitutional era (1789) through the rise of the New Deal order (1939). Elizabeth Dale discusses the changes in criminal law during that period, tracing shifts in policing, law, the courts, and punishment. She also analyzes the role that popular justice - lynch mobs, vigilance committees, law-and-order societies, and community shunning - played in the development of America's criminal justice system. This book explores the relation between changes in America's criminal justice system and its constitutional order"-- | ||
| 583 | 1 | |a Archivierung prüfen |c 20240324 |f DE-4165 |z 1 |2 pdager | |
| 648 | 7 | |a Geschichte 1789-1939 |2 gnd | |
| 650 | 0 | |a Criminal justice, Administration of |z United States |x History | |
| 650 | 0 | |a Criminal justice, Administration of |x History |z United States | |
| 650 | 0 | |a Criminal justice law |z USA |2 bicssc | |
| 650 | 0 | |a Legal History |z USA |2 bicssc | |
| 650 | 0 | |a History of the Americas |z USA |2 bicssc | |
| 650 | 0 | |a Modern history to 20th century: c 1700 to c 1900 |z USA |2 bicssc | |
| 650 | 0 | |a Law |2 eflch | |
| 650 | 0 | 7 | |0 (DE-588)4183472-0 |0 (DE-627)105302465 |0 (DE-576)210018860 |a Strafjustiz |2 gnd |
| 651 | 7 | |0 (DE-588)4078704-7 |0 (DE-627)106076612 |0 (DE-576)209209682 |a Usa |2 gnd | |
| 653 | |a Criminal justice, Administration of |a United States |a History | ||
| 689 | 0 | 0 | |d g |0 (DE-588)4078704-7 |0 (DE-627)106076612 |0 (DE-576)209209682 |a USA |2 gnd |
| 689 | 0 | 1 | |d s |0 (DE-588)4183472-0 |0 (DE-627)105302465 |0 (DE-576)210018860 |a Strafjustiz |2 gnd |
| 689 | 0 | 2 | |a z |2 gnd |a Geschichte 1789-1939 |
| 689 | 0 | |5 (DE-627) | |
| 689 | 1 | 0 | |d g |0 (DE-588)4078704-7 |0 (DE-627)106076612 |0 (DE-576)209209682 |a USA |2 gnd |
| 689 | 1 | 1 | |d s |0 (DE-588)4183472-0 |0 (DE-627)105302465 |0 (DE-576)210018860 |a Strafjustiz |2 gnd |
| 689 | 1 | 2 | |d s |0 (DE-588)4029081-5 |0 (DE-627)106275844 |0 (DE-576)208980903 |a Justizverwaltung |2 gnd |
| 689 | 1 | 3 | |a z |2 gnd |a Geschichte 1789-1939 |
| 689 | 1 | |5 (DE-627) | |
| 856 | 4 | 2 | |u https://swbplus.bsz-bw.de/bsz352900644inh.htm |m B:DE-576;DE-21 |q application/pdf |v 20120110151928 |x Verlag |3 Inhaltsverzeichnis |7 1 |
| 856 | 4 | 2 | |u https://www.hsozkult.de/publicationreview/id/rezbuecher-18789 |m V:DE-576;X:HSozKult |q text/html |v 20180419154454 |3 Rezension |7 1 |
| 856 | 4 | 2 | |u http://www.h-net.org/reviews/showrev.php?id=34781 |v 2016-07-13 |x Verlag |y Book review (H-Net) |7 1 |
| 856 | 4 | 2 | |u http://www.h-net.org/reviews/showrev.php?id=36995 |v 2016-07-13 |x Verlag |y Book review (H-Net) |7 1 |
| 856 | 4 | 2 | |u http://scans.hebis.de/HEBCGI/show.pl?27020807_toc.html |m X:Nielsen |q text/html |3 Inhaltsverzeichnis |7 1 |
| 856 | 4 | 2 | |u http://scans.hebis.de/HEBCGI/show.pl?27020807_kub.html |m X:Nielsen |q text/html |3 Kurzbeschreibung |7 1 |
| 856 | 4 | 2 | |u http://scans.hebis.de/HEBCGI/show.pl?27020807_aub.html |m X:Nielsen |q text/html |3 Ausführliche Beschreibung |7 1 |
| 856 | 4 | 2 | |u http://scans.hebis.de/HEBCGI/show.pl?27020807_rez.html |m X:Nielsen |q text/html |3 Rezension |7 1 |
| 856 | 4 | 2 | |u http://scans.hebis.de/HEBCGI/show.pl?27020807_bio.html |m X:Nielsen |q text/html |3 Autorenbiografie |7 1 |
| 856 | 4 | 2 | |u http://bvbr.bib-bvb.de:8991/F?func=service&doc_library=BVB01&doc_number=024567057&line_number=0001&func_code=DB_RECORDS&service_type=MEDIA |x Verlag |z Inhaltsverzeichnis |3 Volltext |7 1 |
| 889 | |w (DE-627)654968179 | ||
| 935 | |a MZUSA | ||
| 935 | |i mdedup | ||
| 935 | |h HEB |i 0501 | ||
| 935 | |h HEB |i 0503 | ||
| 936 | r | v | |a PH 6400 |b Grundnotation |k Rechtswissenschaft |k Strafrecht, Strafverfahrensrecht, Kriminologie |k Vergleichendes und ausländisches Straf- und Strafprozessrecht einschliesslich Strafvollzug |k Ausländisches Recht - Einzelne Länder |k Amerika |k Nordamerika |k USA |k Grundnotation |0 (DE-627)127223813X |0 (DE-625)rvk/136436:401 |0 (DE-576)20223813X |
| 936 | b | k | |a 15.87 |j USA |x Geschichte |0 (DE-627)181569760 |
| 936 | s | n | |a p100 |2 mzub |
| 951 | |a BO | ||
| ELC | |b 1 | ||
| LOK | |0 000 xxxxxcx a22 zn 4500 | ||
| LOK | |0 001 3178100016 | ||
| LOK | |0 003 DE-627 | ||
| LOK | |0 004 161375759X | ||
| LOK | |0 005 20111228155213 | ||
| LOK | |0 008 111109||||||||||||||||ger||||||| | ||
| LOK | |0 040 |a DE-21 |c DE-627 |d DE-21 | ||
| LOK | |0 852 |a DE-21 | ||
| LOK | |0 852 1 |c KB 9 E 2026 |9 00 | ||
| LOK | |0 935 |a krim | ||
| LOK | |0 936ln |a k4.6.5 | ||
| LOK | |0 938 |a 1112 |f 34 | ||
| LOK | |0 939 |a 09-11-11 |b l01 | ||
| ORI | |a SA-MARC-krimdoka001.raw | ||
| SIG | |a UB: KB 9 E 2026 | ||
| TIM | |a 100017890101_100019391231 |b Geschichte 1789-1939 | ||
